1182 1235 1180 1241 1679 1724 1800 1799 1322 1661 1357 1759 1328 1070 1397 1484 1516 1569 1091 1086 1432 1635 1733 1051 1911 1588 1941 1841 1500 1436 1571 1476 1640 1782 1856 1501 1678 1519 1570 1465 1282 1748 1398 1490 1500 1795 1847 1157 1316 1217 1807 1460 1854 1894 1549 1904 1411 1053 1240 1707 1470 1811 1773 1803 1907 1262 1739 1197 1702 1016 1449 1082 1572 1670 1679 1552 1879 1465 1331 1741 1288 1952 1725 1621 1239 1677 1558 1548 1895 1942 1594 1722 1857 1123 1454 1427 1867 1771 1526 BCNSPRNW ULIB Ver.6.0+V

เปลี่ยนเป็นภาษาไทย

Change to English
 แสดงรายละเอียดบรรณานุกรม
  กลับหน้าหลัก

Brief Record : Get Marc (ISO 2709) : E-mail record : QR code < ปิดหน้าต่าง
LEADER : 00000nam 2200000uu 4500
001    13399124092
003     ULIB
008    150115s2556||||th 000 0 tha d
020    ^a9789744666628
060  4 ^aWO600^bศ337
110 1  ^aมหาวิทยาลัยธรรมศาสตร์.^bคณะแพทยศาสตร์.
245 00 ^aศัลยศาสตร์ตกแต่งพื้นฐาน =^bBasic plastic surgery /^cสุรจิต อาวสกุลสุทธิ, กุศล ตันติวงศ์ บรรณาธิการ
250    ^aพิมพ์ครั้งแรก
260    ^aปทุมธานี :^bคณะแพทยศาสตร์ มหาวิทยาลัยธรรมศาสตร์,^c2556
300    ^a154 หน้า :^bภาพประกอบ
505 0  ^a^tแผลและการหายของแผล - -^tยาชาเฉพาะที่ - -^tผิวหนังปะปลูก - -^tเนื้อเยื่อปะปลูก - -^tแผลไหม้จากความร้อน - -^tวิกลภาพของหลอดเลือด - -^tกระดูกใบหน้าหัก - -^tการบาดเจ็บของฟันและกระดูกเบ้าฟัน - -^tภาวะปากแหว่งและเพดานโหว่
650  7 ^aศัลยกรรมตกแต่ง
700 0  ^aสุรจิต อาวสกุลสุทธิ,^eบรรณาธิการ
700 0  ^aกุศล ตันติวงศ์,^eบรรณาธิการ
945    ^p500^l0^i038245
945    ^p500^l0^i038246
945    ^p500^l0^i038247
945    ^p500^l0^i038248
945    ^p500^l0^i038249
945    ^p500^l0^i038250
945    ^p500^l0^i038251
945    ^p500^l0^i038620
999    ^aเกษร โพธิ์สุวรรณ
รายการนี้ยังไม่มีแท็ก
คุณยังไม่ได้ล็อกอิน คุณสามารถมีกิจกรรมร่วมกับเว็บไซต์ได้ แต่ต้องล็อกอินก่อน ::
  ล็อกอิน

รายการสื่อสารสนเทศ

ลำดับที่ ประเภท เลขเรียก/บาร์โค้ด สถานที่ สถานะ
1. วิทยาศาสตร์การแพทย์ และสุขภาพ
หนังสือสำรอง
สถานะ=หนังสือสำรอง
WO600 ศ337 ฉ.1 
  Barcode: 038245
ห้องสมุดวิทยาเขตสวรรค์ประชารักษ์
►ส่วนจัดเก็บหนังสือเก่า สปร
บนชั้น
  ขอยืม
2. วิทยาศาสตร์การแพทย์ และสุขภาพ
วิทยาศาสตร์การแพทย์ และสุขภาพ
WO600 ศ337 ฉ.2 
  Barcode: 038246
ห้องสมุดวิทยาเขตสวรรค์ประชารักษ์
►ส่วนจัดเก็บหนังสือเก่า สปร
บนชั้น
  ขอยืม
3. วิทยาศาสตร์การแพทย์ และสุขภาพ
วิทยาศาสตร์การแพทย์ และสุขภาพ
WO600 ศ337 ฉ.3 
  Barcode: 038247
ห้องสมุดวิทยาเขตสวรรค์ประชารักษ์
►ส่วนจัดเก็บหนังสือเก่า สปร
บนชั้น
  ขอยืม
4. วิทยาศาสตร์การแพทย์ และสุขภาพ
วิทยาศาสตร์การแพทย์ และสุขภาพ
WO600 ศ337 ฉ.4 
  Barcode: 038248
ห้องสมุดวิทยาเขตสวรรค์ประชารักษ์
►ส่วนจัดเก็บหนังสือเก่า สปร
บนชั้น
  ขอยืม
5. วิทยาศาสตร์การแพทย์ และสุขภาพ
วิทยาศาสตร์การแพทย์ และสุขภาพ
WO600 ศ337 ฉ.5 
  Barcode: 038249
ห้องสมุดวิทยาเขตสวรรค์ประชารักษ์
►ส่วนจัดเก็บหนังสือเก่า สปร
บนชั้น
  ขอยืม
6. วิทยาศาสตร์การแพทย์ และสุขภาพ
วิทยาศาสตร์การแพทย์ และสุขภาพ
WO600 ศ337 ฉ.6 
  Barcode: 038250
ห้องสมุดวิทยาเขตสวรรค์ประชารักษ์
►ส่วนจัดเก็บหนังสือเก่า สปร
บนชั้น
  ขอยืม
7. วิทยาศาสตร์การแพทย์ และสุขภาพ
วิทยาศาสตร์การแพทย์ และสุขภาพ
WO600 ศ337 ฉ.7 
  Barcode: 038251
ห้องสมุดวิทยาเขตสวรรค์ประชารักษ์
►ส่วนจัดเก็บหนังสือเก่า สปร
บนชั้น
  ขอยืม
8. วิทยาศาสตร์การแพทย์ และสุขภาพ
วิทยาศาสตร์การแพทย์ และสุขภาพ
WO600 ศ337 ฉ.8 
  Barcode: 038620
ห้องสมุดวิทยาเขตสวรรค์ประชารักษ์
►หนังสือทั่วไป
บนชั้น

รายการใกล้เคียง
    หัวเรื่อง [ศัลยกรรมตกแต่ง]

BibComment


ยังไม่เคยถูกคอมเมนท์

คอมเมนท์ทรัพยากรรายการนี้
  คอมเมนท์: ศัลยศาสตร์ตกแต่ง..


 Copyright 2026. Bcnsprnw @Library